[Event "CHN-chTB"]
[Site "Hefei"]
[Date "2023.04.17"]
[Round "2"]
[White "Ma, Xinyi"]
[Black "Liu, Manli"]
[Result "0-1"]
[WhiteElo "1206"]
[BlackElo "2137"]
[PlyCount "68"]
[EventDate "2023.04.17"]
[EventType "team-swiss"]
[EventRounds "9"]
[EventCountry "CHN"]
[SourceTitle "EXT 2024"]
[Source "ChessBase"]
[SourceDate "2023.10.10"]
[SourceVersion "1"]
[SourceVersionDate "2023.10.10"]
[SourceQuality "1"]
[WhiteTeam "Wuxi High Level"]
[BlackTeam "Guangzhou Lingnan"]
[WhiteTeamCountry "CHN"]
[BlackTeamCountry "CHN"]

1. e4 c5 2. Nf3 e6 3. d4 cxd4 4. Nxd4 Nc6 5. Nc3 Qc7 6. Be2 a6 7. 0-0 Nf6 8. Be3 Bb4 9. Nxc6 bxc6 10. Bd3 e5 11. f4 d6 12. h3 0-0 13. Ne2 Nd7 14. Ng3 Bc5 15. Bxc5 Nxc5 16. Kh1 a5 17. fxe5 dxe5 18. Nf5 Be6 19. Qe2 g6 20. Nh6+ Kg7 21. Ng4 Bxg4 22. Qxg4 Rad8 23. Qf3 Rd4 24. Qf6+ Kg8 25. Qf3 Rfd8 26. Rad1 R8d7 27. Qe2 Qd8 28. Rf3 Rxe4 29. Bxe4 Rxd1+ 30. Kh2 Qd4 31. Bxc6 e4 32. Rf4 Qd6 33. Qg4 Rf1 34. Kg3 Ne6 0-1

[Event "FISU World University"]
[Site "Tornelo INT"]
[Date "2020.10.28"]
[Round "9.5"]
[White "Ma, Xinyi"]
[Black "Muthaiah, Al"]
[Result "0-1"]
[WhiteElo "1206"]
[BlackElo "2400"]
[PlyCount "72"]
[EventDate "2020.10.26"]
[EventType "team-swiss (rapid)"]
[EventRounds "9"]
[EventCountry "NET"]
[SourceTitle "CBM 199 Extra"]
[Source "ChessBase"]
[SourceDate "2021.01.31"]
[SourceVersion "1"]
[SourceVersionDate "2021.01.31"]
[SourceQuality "1"]
[WhiteTeam "China II"]
[BlackTeam "India"]
[WhiteTeamCountry "CHN"]
[BlackTeamCountry "IND"]

1. e4 c5 2. Nc3 Nc6 3. f4 g6 4. g3 Bg7 5. Bg2 d6 6. d3 e6 7. Nf3 Nge7 8. 0-0 0-0 9. Be3 Nd4 10. Bf2 Nec6 11. Rb1 Bd7 12. Ne2 Nxf3+ 13. Bxf3 Nd4 14. Bg2 Qa5 15. a3 Qa4 16. Nxd4 cxd4 17. Re1 Rac8 18. Rc1 e5 19. f5 Bh6 20. Rb1 Qxc2 21. Qxc2 Rxc2 22. g4 Bb5 23. Red1 Be3 24. Bxe3 dxe3 25. Re1 Bxd3 26. Rbd1 Be2 27. Rxd6 Rfc8 28. Bf1 Bxf1 29. Kxf1 Rf2+ 30. Kg1 Rxb2 31. Rd3 Rcc2 32. f6 h5 33. gxh5 Rg2+ 34. Kh1 Rxh2+ 35. Kg1 Rbg2+ 36. Kf1 e2+ 0-1

[Event "FISU World University"]
[Site "Tornelo INT"]
[Date "2020.10.26"]
[Round "2.17"]
[White "Ma, Xinyi"]
[Black "Cahen, Alexis"]
[Result "0-1"]
[WhiteElo "1206"]
[BlackElo "2131"]
[PlyCount "152"]
[EventDate "2020.10.26"]
[EventType "team-swiss (rapid)"]
[EventRounds "9"]
[EventCountry "NET"]
[SourceTitle "CBM 199 Extra"]
[Source "ChessBase"]
[SourceDate "2021.01.31"]
[SourceVersion "1"]
[SourceVersionDate "2021.01.31"]
[SourceQuality "1"]
[WhiteTeam "China II"]
[BlackTeam "France"]
[WhiteTeamCountry "CHN"]
[BlackTeamCountry "FRA"]

1. e4 c5 2. Nc3 Nc6 3. g3 g6 4. Bg2 Bg7 5. d3 e6 6. f4 Nge7 7. Nf3 0-0 8. 0-0 d5 9. e5 Rb8 10. Kh1 b5 11. a3 a5 12. Ne2 f6 13. exf6 Bxf6 14. Re1 Qd6 15. d4 Nf5 16. c3 b4 17. g4 Nh4 18. Nxh4 Bxh4 19. Rf1 Ba6 20. axb4 cxb4 21. Bd2 Qd8 22. g5 Qb6 23. Rf3 Ne7 24. Rh3 Nf5 25. Ng1 Bf2 26. Nf3 Ne3 27. Bxe3 Bxe3 28. Ne5 Bxf4 29. Nd7 Qc7 30. Nxb8 Rxb8 31. Qg4 Bc8 32. Rf1 Bd2 33. Qf3 Qe7 34. Rg3 Ba6 35. Rf2 Be1 36. Rc2 b3 37. Rc1 Bxg3 38. Qxg3 Rf8 39. Ra1 Qd8 40. Qe5 Bc8 41. Bh3 Re8 42. Re1 Qe7 43. Qf6 Qxf6 44. gxf6 Kf7 45. Ra1 Kxf6 46. Rxa5 Bd7 47. Ra7 Ke7 48. Rb7 Rf8 49. Kg2 h5 50. Rxb3 g5 51. Kg3 h4+ 52. Kg4 e5+ 53. Kxg5 Bxh3 54. dxe5 Ke6 55. Kxh4 Rh8+ 56. Kg3 Kxe5 57. Rb5 Bd7 58. Rc5 Rg8+ 59. Kf3 Kd6 60. b4 Rf8+ 61. Ke3 Rh8 62. Kd4 Rh4+ 63. Kd3 Rxh2 64. Kd4 Rh4+ 65. Kd3 Bf5+ 66. Ke3 Rc4 67. Rxc4 dxc4 68. Kd4 Bd3 69. b5 Bf1 70. Ke3 Kc5 71. Kf2 Bd3 72. Ke3 Kxb5 73. Kd4 Ka4 74. Ke3 Kb3 75. Kd2 Kb2 76. Ke3 Kxc3 0-1